Consideraciones generales sobre la primera etapa de la reforma agraria de El Salvador
Αποθηκεύτηκε σε:
| Συγγραφή απο Οργανισμό/Αρχή: | |
|---|---|
| Μορφή: | Κείμενο |
| Έκδοση: |
Tegucigalpa
|
| Ετικέτες: |
Προσθήκη ετικέτας
Δεν υπάρχουν, Καταχωρήστε ετικέτα πρώτοι!
|
MARC
| LEADER | 00000 a a2200000 04500 | ||
|---|---|---|---|
| 001 | 20916 | ||
| 003 | |||
| 040 | |||
| 090 | |a 089600 | ||
| 110 | |a Colegio de Profesionales en Ciencias Económicas de El Salvador | ||
| 245 | |a Consideraciones generales sobre la primera etapa de la reforma agraria de El Salvador | ||
| 260 | |a Tegucigalpa | ||
| 300 | |a 5 p. | ||
| 999 | |c 6224 |d 6224 | ||
